| 000 | 00548nam a22001937a 4500 | ||
|---|---|---|---|
| 005 | 20241221122727.0 | ||
| 008 | 241206b ||||| |||| 00| 0 eng d | ||
| 020 | _a9789391155087 | ||
| 040 | _cAL | ||
| 041 | _aeng | ||
| 082 |
_223 _a658.421 _bSHAE |
||
| 100 |
_aShalini S _9188166 |
||
| 245 | _aEntrepreneurial development | ||
| 260 |
_aBengaluru _bMPP House _c2023 |
||
| 300 |
_a487p. _bPB _c23.1x15.5cm. |
||
| 365 |
_2General _a1060 _b₹474.00 _c₹ _d₹650.00 _e27% _f28-11-2024 |
||
| 650 |
_2Management _aManagement _9188167 |
||
| 942 |
_2ddc _cBK |
||
| 999 |
_c232174 _d232174 |
||